Ministry: (Record no. 25086)

MARC details
000 -LEADER
fixed length control field 01639cas a2200385u 4500
003 - CONTROL NUMBER IDENTIFIER
control field AUA.1
005 - DATE AND TIME OF LATEST TRANSACTION
control field 20250610085228.0
008 - FIXED-LENGTH DATA ELEMENTS--GENERAL INFORMATION
fixed length control field 250610 eng
022 ## - INTERNATIONAL STANDARD SERIAL NUMBER
International Standard Serial Number 00265314
035 ## - SYSTEM CONTROL NUMBER
System control number .b22486379
040 ## - CATALOGING SOURCE
Transcribing agency AUA
050 ## - LIBRARY OF CONGRESS CALL NUMBER
Classification number BX6102
Item number .M56
222 7# - KEY TITLE
Key title Ministry
Qualifying information eJournal Links.
245 10 - TITLE STATEMENT
Title Ministry:
Remainder of title International journal for Pastors
260 ## - PUBLICATION, DISTRIBUTION, ETC. (IMPRINT)
Date of publication, distribution, etc 2024
Place of publication, distribution, etc Silver Spring, MD
Name of publisher, distributor, etc Seventh-day Adventist Church
300 ## - PHYSICAL DESCRIPTION
Extent 30p.
Other physical details col ill.;
Dimensions 27 cm
440 ## - SERIES STATEMENT/ADDED ENTRY--TITLE
Volume number/sequential designation Vol 96
International Standard Serial Number 00265314
9 (RLIN) 34577
Title God's presence: The answer to loneliness in ministry
Number of part/section of a work No. 8
505 ## - FORMATTED CONTENTS NOTE
Formatted contents note Worship: Affirming God's mission
Statement of responsibility N. Ashok Kumar
505 ## - FORMATTED CONTENTS NOTE
Formatted contents note Finding the Decalogue in unexpected places
Statement of responsibility Norman H. Young
505 ## - FORMATTED CONTENTS NOTE
Formatted contents note God's presence: The answer to loneliness in ministry
Statement of responsibility Innocent Hatekimana Tuyishime
505 ## - FORMATTED CONTENTS NOTE
Formatted contents note Qualitative church growth
Statement of responsibility Kelvin Ononcha
505 ## - FORMATTED CONTENTS NOTE
Formatted contents note Hebrew 4:9 : Yes, it is a key text
Statement of responsibility Allen Shepherd
505 ## - FORMATTED CONTENTS NOTE
Formatted contents note Editorial
Statement of responsibility Jeffrey O. Brown
505 ## - FORMATTED CONTENTS NOTE
Formatted contents note Revival and reformation
Statement of responsibility Zac Page
505 ## - FORMATTED CONTENTS NOTE
Formatted contents note Resources
Statement of responsibility Gerson P. Santos
505 ## - FORMATTED CONTENTS NOTE
Formatted contents note Dateline
505 ## - FORMATTED CONTENTS NOTE
Formatted contents note Practical Pointers
Statement of responsibility Christopher Findley
610 20 - SUBJECT ADDED ENTRY--CORPORATE NAME
Corporate name or jurisdiction name as entry element Seventh-day Adventists
General subdivision Clergy
-- Periodicals.
9 (RLIN) 34578
650 #0 - SUBJECT ADDED ENTRY--TOPICAL TERM
Topical term or geographic name as entry element Pastoral theology
General subdivision Seventh-day Adventists
-- Periodicals.
9 (RLIN) 34579
690 ## - LOCAL SUBJECT ADDED ENTRY--TOPICAL TERM (OCLC, RLIN)
Topical term or geographic name as entry element Seventh-day Adventist publications.
9 (RLIN) 34580
700 ## - ADDED ENTRY--PERSONAL NAME
Personal name Pavel Goia
Relator term Editor
9 (RLIN) 34581
710 20 - ADDED ENTRY--CORPORATE NAME
Corporate name or jurisdiction name as entry element General Conference of Seventh-day Adventists.
Subordinate unit Ministerial Association.
9 (RLIN) 34582
856 ## - ELECTRONIC LOCATION AND ACCESS
Uniform Resource Identifier <a href="http://www.ministrymagazine.org/archive">http://www.ministrymagazine.org/archive</a>
Public note Ministry magazine
942 ## - ADDED ENTRY ELEMENTS (KOHA)
Source of classification or shelving scheme Library of Congress Classification
Koha item type Ellen G. White Estate Branch Office
Classification part BX6102
Item part .M56 2024
Holdings
Withdrawn status Lost status Source of classification or shelving scheme Damaged status Not for loan Collection code Home library Current library Shelving location Date acquired Total Checkouts Full call number Date last seen Price effective from Koha item type Public note
    Library of Congress Classification     EGW Estate Branch Office Judith Thomas Library Judith Thomas Library EGW Estate Branch Office 10/06/2025   BX6102 .M56 2024 10/06/2025 10/06/2025 Ellen G. White Estate Branch Office August 2024